00562nam a2200193 a 4500001001300000003000900013005001700022008004100039020002300080082001600103100002100119245006800140260004700208300000900255500003500264505003100299650001700330700002100347nice12345678IN_TiNIC20260116014440.0050524s2000 newa grp 000 0 eng  a0815629 c57500a303.66bACK aAckermann, Alice aMaking Peace Prevailb Preventing Violent Conflict in Macedonia aNew YorkbSyracuse University Press c2000 a217p aincludes index and biblioraphy2 aBibliography, Index, Notes aPeace-Making1 aAckermann, Alice